| 000 | 00725nam a2200181Ia 4500 | ||
|---|---|---|---|
| 008 | 151202s9999||||xx |||||||||||||| ||und|| | ||
| 082 | _bPNVM-66933 | ||
| 100 | _aपाटील मदन. | ||
| 245 | _aवंदे मातरम् ( मादाम कामा चरित्र ). | ||
| 260 | _b"श्रीस्वामी पब्लिकेशन, पुणे." | ||
| 260 | _c2004 | ||
| 300 | _a224 | ||
| 600 | _aपाटील मदन. | ||
| 630 | _aवंदे मातरम् ( मादाम कामा चरित्र ). | ||
| 700 | _aपाटील मदन. | ||
| 730 | _aवंदे मातरम् ( मादाम कामा चरित्र ). | ||
| 942 | _cBOOK | ||
| 999 |
_c1333465 _d1333462 |
||